Methods in cellular immunology / (Record no. 233365)

000 -LEADER
fixed length control field 01182cam a22002894a 4500
001 - CONTROL NUMBER
control field 12340443
003 - CONTROL NUMBER IDENTIFIER
control field Nust
005 - DATE AND TIME OF LATEST TRANSACTION
control field 20170307113941.0
008 - FIXED-LENGTH DATA ELEMENTS--GENERAL INFORMATION
fixed length control field 010309s2001 flu b 001 0 eng
010 ## - LIBRARY OF CONGRESS CONTROL NUMBER
LC control number 2001001524
020 ## - INTERNATIONAL STANDARD BOOK NUMBER
International Standard Book Number 0849309220 (pbk. : alk. paper)
040 ## - CATALOGING SOURCE
Original cataloging agency DLC
Transcribing agency ASAB
Modifying agency DLC
042 ## - AUTHENTICATION CODE
Authentication code pcc
050 00 - LIBRARY OF CONGRESS CALL NUMBER
Classification number QR185.5
Item number .F47 2001
082 00 - DEWEY DECIMAL CLASSIFICATION NUMBER
Classification number 616.07/9
Edition number 21
100 1# - MAIN ENTRY--PERSONAL NAME
Personal name Fernandez-Botran, Rafael.
245 10 - TITLE STATEMENT
Title Methods in cellular immunology /
Statement of responsibility, etc. Rafael Fernandez-Botran, Václav Větvička.
246 30 - VARYING FORM OF TITLE
Title proper/short title Cellular immunology
250 ## - EDITION STATEMENT
Edition statement 2nd ed.
260 ## - PUBLICATION, DISTRIBUTION, ETC.
Place of publication, distribution, etc. Boca Raton, Fla. :
Name of publisher, distributor, etc. CRC Press,
Date of publication, distribution, etc. c2001.
300 ## - PHYSICAL DESCRIPTION
Extent 255 p. ;
Dimensions 24 cm.
504 ## - BIBLIOGRAPHY, ETC. NOTE
Bibliography, etc. note Includes bibliographical references and index.
650 #0 - SUBJECT ADDED ENTRY--TOPICAL TERM
Topical term or geographic name entry element Cellular immunity
Form subdivision Laboratory manuals.
700 1# - ADDED ENTRY--PERSONAL NAME
Personal name Větvička, Václav,
Dates associated with a name 1954-
856 42 - ELECTRONIC LOCATION AND ACCESS
Materials specified Publisher description
Uniform Resource Identifier <a href="http://www.loc.gov/catdir/enhancements/fy0646/2001001524-d.html">http://www.loc.gov/catdir/enhancements/fy0646/2001001524-d.html</a>
906 ## - LOCAL DATA ELEMENT F, LDF (RLIN)
a 7
b cbc
c orignew
d 1
e ecip
f 20
g y-gencatlg
942 ## - ADDED ENTRY ELEMENTS (KOHA)
Source of classification or shelving scheme
Koha item type Book
Holdings
Withdrawn status Lost status Source of classification or shelving scheme Damaged status Not for loan Collection code Permanent Location Current Location Date acquired Total Checkouts Full call number Barcode Date last seen Price effective from Koha item type
            Atta-ur-Rahman School of Applied Biosciences (ASAB) Atta-ur-Rahman School of Applied Biosciences (ASAB) 03/07/2017   616.07 FER ASAB3133 03/07/2017 03/07/2017 Book
© 2023 Central Library, National University of Sciences and Technology. All Rights Reserved.